000 01343cam a2200253 4500
001 ##L127336
002 ##7790
008 040913n2004 000 0 eng u
020 _a1405115238
035 _a(Sirsi) u127336
041 0 _aeng
050 0 4 _a692.8 $2 18
100 1 _aChappell, David
245 0 4 _aThe JCT Minor Building Works Form of Contract
250 _a3rd ed.
260 _aOxford
_bBlackwell
_c2004
300 _ax, 238p.
_c25cm.
350 _a44.99
520 _aThe third edition of this standard text has been revised to cover the 1998 edition of the JCT Agreement for Minor Works (MW 1998). It also takes account of the Housing Grants, Construction and Regeneration Act 1996, the latest RIBA terms of engagement and new case law. Chapters cover: the purpose and use of MW 1998; contract comparisons; contract documents and insurance; the duties and roles of the architect, contractor, employer, quantity surveyor, clerk of works, subcontractors and suppliers; possession, completion and defects liability; claims; payment; determination; and dispute resolution.
520 _aSupersedes second edition (ISBN 0632039671).
650 2 4 _aJCT MINOR WORKS AGREEMENT 1998
690 _aBUILT ENVIRONMENT-BUILDING CONTRACT FORMS-STANDARD FORMS OF BUILDING CONTRACT-JOINT CONTRACTS TRIBUNAL CONTRACTS
942 _n0
999 _c103743
_d103743